000 00542nam a2200205Ia 4500
005 20251006225608.0
008 251006t1996||||xx |||||||||||||| ||und||
040 _aCBC
100 _aVoight, Barry
245 _aCuenta regresiva a la catástrofe
300 _ap. 117-136
650 _aASPECTOS PSICOLOGICOS
650 _aCONSECUENCIAS SOCIALES
650 _aDESASTRES NATURALES
650 _aPLANES DE EMERGENCIA
650 _aVOLCANES
651 _aCOLOMBIA
773 _aDesastres & sociedad Vol. 4 No. 6 (1996)
942 _tMJCh
999 _c14118
_d14118